• 首页
  • 本馆介绍
  • 公告通知
  • 最新文献
  • 馆藏检索
  • 电子资源
  • 读者导购
  • 参考咨询
  • 我的图书馆
  • 登录
  • 详细信息显示
  • 放入我的书架
  • 预约/预借图书
  • 作者相关作品
  • 分类相关作品
  • 丛书相关作品
  • 出版社相关作品

书目信息

  • 表格格式
  • 工作单格式
  • 卡片格式
题名:
怎样争取入党
    
 
作者: 邢德昶 著
分册:  
出版信息: 沈阳   辽宁人民出版社  1978
页数: 190页
开本: 19cm
丛书名:
单 册:
中图分类: D263.1
科图分类:
主题词: 中国共产党--党员--标准
电子资源:
ISBN:
000 00577nam0 2200217 45
001 0178005245
005 20050630081919.7
010    @dCNY0.35
091    @a3090.605
100    @a19950713d1978 em y0chiy0121 ea
101 0  @achi
102    @aCN@b210000
105    @ay z 000yy
200 10 @a怎样争取入党@Azen yang zheng qu ru dang@f邢德昶著@FXing De Chang Zhu
210    @a沈阳@c辽宁人民出版社@d1978
215    @a190页@d19cm
606    @a中国共产党@x党员@x标准
690    @aD263.1@v3
701  0 @a邢德昶@4著
801  0 @aCN@bNLC@c20040424
905    @dD263.1@e20@f1@b136879
    
    怎样争取入党/邢德昶著.-沈阳:辽宁人民出版社,1978
    190页;19cm
    
    
    ISBN :CNY0.35
    
●
相关链接 在E读中查询图书 在五车中查询图书 在当当中查询图书 在豆瓣中查询图书


正题名:怎样争取入党     索取号:D263.1/20         预约/预借

序号 登录号 条形码 馆藏地/架位号 状态 备注
1 0136877   000380509   密集书库/ [索取号:D263.1/20] 在馆    
2 0136878   000380493   密集书库/ [索取号:D263.1/20] 在馆    
3 0136879   002052423   第一样本阅览室/ [索取号:D263.1/20] 在馆    
唐山师范学院图书馆 欢迎您!
大连网信软件有限公司© 版权所有